|
|
|
|
| LEADER |
00000nas a2200000 a 4500 |
| 001 |
ssj0000580243 |
| 003 |
WaSeSS |
| 005 |
20200512172242.0 |
| 006 |
m d |
| 007 |
cr n |
| 008 |
970305c199u9999ck uu p s g 0 0spa |
| 010 |
|
|
|a 97655564
|
| 022 |
|
|
|l 0122-1108
|y 0122-1108
|
| 035 |
|
|
|a (WaSeSS)ssj0000580243
|
| 040 |
|
|
|a DLC
|b eng
|c DLC
|d OCLCQ
|d DLC
|d OCLCQ
|d OCLCF
|d CUS
|d OCLCO
|d COO
|d OCL
|d OCLCO
|d OCLCA
|d RDF
|d OCL
|d WaSeSS
|
| 042 |
|
|
|a pcc
|
| 043 |
|
|
|a s-ck---
|
| 050 |
0 |
0 |
|a K16
|b .E487
|
| 210 |
0 |
|
|a Pensam. jurid.
|
| 222 |
|
0 |
|a Pensamiento jurídico
|
| 245 |
0 |
0 |
|a Pensamiento jurídico
|h [electronic resource] :
|b revista de teoría del derecho y análisis jurídico.
|
| 246 |
1 |
3 |
|a PJ
|
| 260 |
|
|
|a Santafé de Bogotá, D.C., Colombia :
|b Universidad Nacional de Colombia, Facultad de Derecho, Ciencias Políticas y Sociales
|
| 500 |
|
|
|a Some issues have also a distinctive title.
|
| 506 |
|
|
|a License restrictions may limit access.
|
| 588 |
|
|
|a Description based on: No. 5, published in 1995; title from cover.
|
| 650 |
|
0 |
|a Law
|x Philosophy
|v Periodicals.
|
| 650 |
|
0 |
|a Law
|z Colombia
|v Periodicals.
|
| 650 |
|
7 |
|a Law.
|2 fast
|0 (OCoLC)fst00993678
|
| 650 |
|
7 |
|a Law
|x Philosophy.
|2 fast
|0 (OCoLC)fst00993788
|
| 651 |
|
7 |
|a Colombia.
|2 fast
|0 (OCoLC)fst01205916
|
| 655 |
|
0 |
|a Electronic journals.
|
| 710 |
2 |
|
|a Universidad Nacional de Colombia.
|b Facultad de Derecho, Ciencias Políticas y Sociales.
|
| 850 |
|
|
|a DLC
|
| 856 |
4 |
0 |
|z Full text available from Research Library: 01/01/2006 to present
|u https://search.proquest.com/publication/2035720
|